02304namaa2200421uu 4500001001100000003000600011005001700017006001900034007001500053008004100068020001800109020001800127020001800145020001800163024003100181040001700212041000800229042000700237072001600244720002900260245008400289260002700373300002200400336002600422337002600448338003600474506005100510520093500561540006301496546001201559650002201571653008101593720002901674720002701703793001801730856011701748999001701865doab112832oapen20260305123954.0m o d cr|mn|---annan230817s2023 xx |||||o ||| 0|eng d a9781003345763 a9781003345763 a9781032385891 a97810323859217 a10.4324/97810033457632doi aoapencoapen0 aeng adc 7aJHB2bicssc1 aHübinette, Tobias4aut00aRace in SwedenbRacism and Antiracism in the World's First 'Colourblind' Nation bTaylor & Francisc2023 a1 online resource atextbtxt2rdacontent acomputerbc2rdamedia aonline resourcebcr2rdacarrier0 aFree-to-readfUnrestricted online access2star aRace in Sweden is an introduction to, and a critical investigation of, the Swedish relationship to race in the post-war and contemporary eras. This relationship is fundamentally shaped by an ideology of colourblindness, with any kind of race talk being taboo in public discourse and everyday language use, and in practice forbidden in official and institutional language. A study of a country which was until recently strikingly white but has become extremely diverse, yet where the legacy of Swedish whiteness co-exists with a radical, colourblind, antiracist ideology, Race in Sweden will appeal to scholars across the social sciences and humanities with interests in race and ethnicity, whiteness and Nordic studies.Chapters 2 and 3 of this book is freely available as a downloadable Open Access PDF at http://www.taylorfrancis.com under a Creative Commons [Attribution-Non Commercial-No Derivatives (CC-BY-NC-ND)] 4.0 license. aAll rights reserveduhttp://oapen.org/content/about-rights aEnglish 7aSociology2bicssc aNordic studies, sweden, Sweden DemocratsSwedish-whiteness,affirmative action1 aLundström, Catrin4aut1 aWikström, Peter4aut0 aDOAB Library.40uhttps://directory.doabooks.org/handle/20.500.12854/11283270zFree-to-read: DOAB: description of the publication c93249d93249